000 00846nam a22002777a 4500
001 000696
003 DO-SdBNP
005 20231205094846.0
007 000696
008 151210b 2005 mx ac 00| 0 spa d
020 _a9707703377
040 _aBPMSU
_bspa
_cBPMSU
082 4 _a618.2
_bW516f 2005
_222
100 1 _aWest, Zita
245 1 0 _aFertilidad y embarazo:
_bguía completa para embarazarte /
_cZita West
260 _aMéxico ;
_bSantillana ediciones generales,
_c2005.
_b
300 _a192 p. :
_bil., retrato ;
_c24 cm.
500 _aIncluye índice analítico.
504 _aBibliografía p: 186-187
590 _aInventariado, 2023/VM
650 4 _aReproducción humana.
650 4 _aEmbarazo
_xCuidados
650 4 _aSalud de la mujer.
910 _aYLOCKWARD/ VMateo V. Control de calidad. BPMSU
942 _2ddc
_cBK
999 _c11467
_d11467